BBL Teams by Logo - Statistics

General Stats
  • This quiz has been taken 252 times
  • The average score is 7 of 8
Answer Stats
Picture Answer % Correct
Hobart Hurricanes
96%
Sydney Sixers
93%
Sydney Thunder
93%
Brisbane Heat
92%
Melbourne Stars
92%
Melbourne Renegades
88%
Perth Scorchers
83%
Adelaide Strikers
82%
No matching quizzes found
Score Distribution
Percent of People with Each Score
Percentile by Number Answered
Your Score History
You have not taken this quiz